000 00250nam a2200097Ia 4500
008 240331s9999 xx 000 0 und d
082 _bJOU
100 _aCarfax Publishing Company. ed
245 0 _aJournal of genderstudies :
_bVol.4 No.3-1995
942 _cL
999 _c1819
_d1819